Stranger to History; (Record no. 68474)

MARC details
000 -LEADER
fixed length control field 00725nam a22002057a 4500
005 - DATE AND TIME OF LATEST TRANSACTION
control field 20120719120215.0
010 ## - LCCN (DPL NO)
LC control number G-002038
020 ## - INTERNATIONAL STANDARD BOOK NUMBER
International Standard Book Number 9780330511155
Terms of availability 495.00
035 ## - SYSTEM CONTROL NUMBER
System control number G-002038
037 ## - SOURCE OF ACQUISITION
Stock number dpl
Source of stock number/acquisition Gift
082 ## - DEWEY DECIMAL CLASSIFICATION NUMBER
Classification number 921
100 ## - MAIN ENTRY--PERSONAL NAME
Personal name Taseer, Aatish.
245 ## - TITLE STATEMENT
Title Stranger to History;
Remainder of title a son's Journey through Islamic lands/
Statement of responsibility, etc by Aatish Taseer
260 ## - PUBLICATION, DISTRIBUTION, ETC. (IMPRINT)
Place of publication, distribution, etc London
Name of publisher, distributor, etc Pan Macmillan Ltd.
Date of publication, distribution, etc 2009
270 ## - ADDRESS
Address 20 New Wharf Road,
City London
300 ## - PHYSICAL DESCRIPTION
Extent 323p
Dimensions 22cm.
942 ## - ADDED ENTRY ELEMENTS (KOHA)
Source of classification or shelving scheme Dewey Decimal Classification
Item type English Books
Classification part 921
Call number prefix TAS
Holdings
Withdrawn status Lost status Not for loan Collection code Home library Current library Date acquired Source of acquisition Cost, normal purchase price Full call number Barcode Copy number Cost, replacement price Koha item type
      Non-fiction Vinoba Puri Vinoba Puri 19/07/2012 Gift 495.00 TAS G-002038 1 495.00 English Books

© Delhi Public Library
Hit Counter
free hit counter